The Kingfisher A-Z encyclopedia / (Record no. 136433)

MARC details
000 -LEADER
fixed length control field 00602nam a2200205 4500
010 ## - LIBRARY OF CONGRESS CONTROL NUMBER
LC control number B-130510
020 ## - INTERNATIONAL STANDARD BOOK NUMBER
International Standard Book Number 0753407760
035 ## - SYSTEM CONTROL NUMBER
System control number B-130510
037 ## - SOURCE OF ACQUISITION
Stock number Cen Lib/Ret
040 ## - CATALOGING SOURCE
Original cataloging agency DPL
Language of cataloging EN
082 ## - DEWEY DECIMAL CLASSIFICATION NUMBER
Classification number 030
Item number KIN
245 ## - TITLE STATEMENT
Title The Kingfisher A-Z encyclopedia /
Statement of responsibility, etc edited by Ben Hoare
260 ## - PUBLICATION, DISTRIBUTION, ETC. (IMPRINT)
Place of publication, distribution, etc New York
Name of publisher, distributor, etc Kingfisher Publication Plc
Date of publication, distribution, etc 2002
270 ## - ADDRESS
Address New Penderal House
City New York
300 ## - PHYSICAL DESCRIPTION
Extent 399p.
Other physical details 30cm
650 ## - SUBJECT ADDED ENTRY--TOPICAL TERM
Topical term or geographic name as entry element Encyclopedias and dictionaries.
650 ## - SUBJECT ADDED ENTRY--TOPICAL TERM
Topical term or geographic name as entry element Children's encyclopedias and dictionaries.
700 ## - ADDED ENTRY--PERSONAL NAME
Personal name Ben Hoare
942 ## - ADDED ENTRY ELEMENTS (KOHA)
Source of classification or shelving scheme Dewey Decimal Classification
Koha item type English Books
Classification part 030
Call number suffix KIN
Holdings
Withdrawn status Lost status Damaged status Not for loan Collection code Home library Current library Date acquired Source of acquisition Cost, normal purchase price Total Checkouts Full call number Barcode Date last seen Copy number Cost, replacement price Price effective from Koha item type
      Not For Loan Reference Central Library Central Library 02/03/2016 Cen Lib/Ret 0.00   030 KIN B-130510 02/03/2016 1 0.00 27/07/2016 English Books

© Delhi Public Library
Hit Counter
free hit counter